History Quiz

Random History or Year Quiz

'Seven' Year Major Events by Seven Word Clue Quiz Stats

Quiz Updated Sep 29, 2016

Challenge
Share
Tweet
Embed
Score 0/22 Timer 07:00
1 Play Today
% Correct
1997
89.3%
1987
87%
2007
84.3%
2017
81.6%
1957
79.3%
1917
76.9%
1967
70.7%
1947
69.9%
1937
60.9%
1977
58.3%
1857
42.1%
% Correct
1887
41.3%
1837
39.5%
1927
38.4%
1907
36.9%
1807
36%
1817
30%
1867
28.7%
1877
26.3%
1897
26%
1847
25.6%
1827
22.3%

You're not logged in!

Compare scores with friends on all Sporcle quizzes.
Join for Free
OR
Log In

You Might Also Like...

Show Comments

Extras

Top Quizzes Today


Score Distribution

Your Account Isn't Verified!

In order to create a playlist on Sporcle, you need to verify the email address you used during registration. Go to your Sporcle Settings to finish the process.

Report this User

Report this user for behavior that violates our Community Guidelines.

Details: